| 000 | 00760nam a22002417a 4500 | ||
|---|---|---|---|
| 005 | 20170124110106.0 | ||
| 010 | _a977558 | ||
| 020 |
_c00.00 _a083480140X |
||
| 035 | _a977558 | ||
| 037 | _bCen Lib/Ret | ||
| 040 |
_aDPL _bEN |
||
| 082 |
_a921 _bIKE |
||
| 100 |
_aIkeda, Daisaku _912245 |
||
| 245 |
_aOn the Japanese classics : _cby Daisaku Ikeda; translated by Burton Watson _bconversations and appreciations / |
||
| 260 |
_aNew York _bWeatherhill _c1979 |
||
| 270 | _bNew York | ||
| 300 |
_a202p. _c21cm(Hb) |
||
| 500 | _aIncludes index | ||
| 650 |
_aJapanese literature -- To 1600 -- History and criticism _9112883 |
||
| 650 |
_aBuddhism in literature _9112884 |
||
| 700 |
_aWatson, Burton _928124 |
||
| 942 |
_2ddc _cEN _h921 _mIKE |
||
| 999 |
_c130041 _d130041 |
||